Bohnanza Bohnen - Statistiken

Allgemein
  • Dieses Quiz wurde 8 mal gespielt
  • Das Durchschnittsergebnis liegt bei 11 aus 53
Antwortstatistiken
Anzahl Bohnensorte % Korrekt
20 Blaue Bohne
100%
5 Rote Bohne
100%
7/14 Brechbohne
83%
6 Gartenbohne
67%
24 Kaffeebohne
67%
4 Kakaobohne
67%
6/10 Augenbohne
50%
18 Feuerbohne
50%
19 Kidneybohne
50%
16 Saubohne
50%
16 Schwarze Bohne
50%
12 Sojabohne
50%
14 Weiße Bohne
50%
3 Ackerbohne
33%
28 Mokkabohne
33%
22 Weinbrandbohne
33%
22 Cognacbohne
17%
12 Dicke Bohne
17%
6 Jokerbohne
17%
Kletterbohne
17%
18 Kuhbohne
17%
19 Pferdebohne
17%
16 Saure Bohne
17%
13 Stangenbohne
17%
Bohnedikt
0%
6 Buschbohne
0%
15 Chilibohne
0%
14 Chinabohne
0%
8 Drachenbohne
0%
6 Erdnuss
0%
11 Fassbohne
0%
17/20 Gemeine Bohne
0%
8 Heilige-Geist-Bohne
0%
9 Helmbohne
0%
10 Indianerbohne
0%
13 Jamaikabohne
0%
11 Kapbohne
0%
5 Keniabohne
0%
9 Pflückbohne
0%
6/17 Prinzessbohne
0%
16 Puffbohne
0%
12 Riesenbohne
0%
9 Schminkbohne
0%
14 Schnittbohne
0%
14/19 Schwertbohne
0%
50 Sissibohne
0%
6 Spiderbean
0%
6 Springbohne
0%
8 Stinkbohne
0%
26 Wachsbohne
0%
12 Yin Yang Bohne
0%
9/15 Zauberbohne
0%
10 Zwergbohne
0%
Keine übereinstimmenden Quizze gefunden
Verteilung der Resultate
Anzahl Personen mit jedem Resultat
Perzentil nach korrekt beantworteten Fragen
Ihre Resultats-Entwicklung
Sie haben dieses Quiz noch nicht gespielt